• 首页
  • 本馆介绍
  • 公告通知
  • 最新文献
  • 馆藏检索
  • 电子资源
  • 读者导购
  • 参考咨询
  • 我的图书馆
  • 登录
  • 详细信息显示
  • 放入我的书架
  • 预约/预借图书
  • 作者相关作品
  • 分类相关作品
  • 丛书相关作品
  • 出版社相关作品

书目信息

  • 表格格式
  • 工作单格式
  • 卡片格式
题名:
环保设备
    
 
作者: 郑铭 主编
分册:  
出版信息: 北京   化学工业出版社  2007
页数: 327页
开本: 26cm
丛书名:
单 册:
中图分类: X505
科图分类:
主题词: 环境保护--设备--高等教育--教材
电子资源:
ISBN: 978-7-5025-9355-1
000 01016nam0 2200289 450
001 012004106264
005 20070720112340.59
009 012004106264
010    @a978-7-5025-9355-1@dCNY39.80
035    @a(110019)012006140973
100    @a20070124d2007 em y0chiy0110 ea
101 0  @achi
102    @aCN@b110000
105    @ay z 000yy
106    @ar
200 1  @a环保设备@Ahuan bao she bei@e原理·设计·应用@Eyuan li· she ji· ying yong@f郑铭主编@Fzheng ming zhu bian
205    @a2版
210    @a北京@c化学工业出版社@d2007
215    @a327页@d26cm
300    @a普通高等教育“十一五”国家级规划教材
330    @a本书着重介绍了污水处理、废气处理、噪声控制等环保设备的原理、设计、运行、管理等知识。每种设备介绍都尽可能结合国内外先进的环保工艺,给出设备特点、适用范围、设计参数、运行原理等。
606 0  @a环境保护@x设备@x高等教育@j教材
690    @aX505@v4
701  0 @a郑铭@Azheng ming@4主编
801  0 @aCN@b110019@c20070720
905    @dX505@e61@f5
999    @s0.00@Gjiang@g20070131 09:39:24
    
    环保设备:原理·设计·应用/郑铭主编.-2版.-北京:化学工业出版社,2007
    327页;26cm
    普通高等教育“十一五”国家级规划教材
    
    ISBN 978-7-5025-9355-1:CNY39.80
    本书着重介绍了污水处理、废气处理、噪声控制等环保设备的原理、设计、运行、管理等知识。每种设备介绍都尽可能结合国内外先进的环保工艺,给出设备特点、适用范围、设计参数、运行原理等。
●
相关链接 在E读中查询图书 在五车中查询图书 在当当中查询图书 在豆瓣中查询图书


正题名:环保设备     索取号:X505/61         预约/预借

序号 登录号 条形码 馆藏地/架位号 状态 备注
1 0850102   208501021   第二样本阅览室/ [索取号:X505/61] 在馆    
2 0850103   208501067   第三借阅区/ [索取号:X505/61] 在馆    
3 0850103   208501030   第三借阅区/ [索取号:X505/61] 在馆    
4 0850104   208501049   第三借阅区/ [索取号:X505/61] 在馆    
5 0850105   208501058   第三借阅区/ [索取号:X505/61] 在馆    
唐山师范学院图书馆 欢迎您!
大连网信软件有限公司© 版权所有